000 00649 a2200181 4500
001 142484
040 _cLeonardo Da Vinci
041 _aPortuguês
082 _av222
100 _aEDUCACIONAL SHOP VIDEO
245 _aA evolução orgânica
250 _av.1-2
260 _bESV
_aSão Paulo
490 _aTV Ontario
520 _aA evolução orgânica traça o desenvolvimento de várias teorias da evolução. Começa com um conto bíblico da criação, e continua até discutir Darwin, Mendel, e a lei Hardy-Wenberg
697 _aBiologia
_aEvolução
_aOrganismo
_aDarwin
_aEvolução
_aMendel
_aMeiose
_aPopulação
_aMutação
942 _cVM
999 _c142484
_d142484